LDR 01014naa#a2200181#i#450# 001 RU\\bibl\19942 005 20260702074228.4 100 ## _a20260630b2026####ek#y0rusy0150####ca 102 ## _aRU 200 1# _aОГРАНИЧЕНИЯ ПРИМЕНЕНИЯ БОЛЬШИХ ЯЗЫКОВЫХ МОДЕЛЕЙ К ТАБЛИЧНЫМ ФИНАНСОВЫМ ДАННЫМ _eСтатья/тезисы конференции 210 1# _aВоронеж _cВоронежский государственный лесотехнический университет имени Г.Ф. Морозова _d2026 215 ## _a5 с. 608 ## _aСтатья/тезисы конференции _2local 675 ## _aИнформационные технологии. Компьютерные технологии. Теория вычислительных машин и систем. 004 _z 700 #1 _aЖукова _gЕ. А. 700 #1 _aАнциферова _gВалентина Ивановна 700 #1 _aСолодова _gМ. С. 856 4# _abibl.vgltu.ru _u